00811nam a2200241Ia 4500003000900000008004100009020001800050040001600068080001900084100002900103245012100132250001200253260004400265300001500309650002300324650004100347650001900388650002400407650001100431942000700442999001500449952010500464IN-BaIIA211028s9999 xx 000 0 eng d a0-85274-357-2 cIIA Library a535.313.6bSLY aSlyussarev, G. G.913745 0aAberration and optical design theory, Tr by J.H.DixoncG. G. Slyussarev  a2nd ed. aBristol, Adam HilgerbAdam Hilgerc1984 axii, 660p. aAberrations913746 aAstronomy and Astrophysics Thesaurus aOptical Design aOptical Instruments aOptics cBK c8178d8178 00104070aBANbBANcGENd1985-04-23l0o535.313.6/ SLYp9017r2021-11-05w1985-04-23yBKG£ 65.00